ბათუმის შოთა რუსთაველის სახელმწიფო უნივერსიტეტის ბიბლიოთეკა

ადგილობრივი სასუქები. (ბიბ.ჩანაწერი № 44717)

000 -LEADER
fixed length control field 00632nam a2200217Ia 4500
001 - CONTROL NUMBER
control field 11522
003 - CONTROL NUMBER IDENTIFIER
control field GE_BSU
008 - FIXED-LENGTH DATA ELEMENTS--GENERAL INFORMATION
fixed length control field 181216s||||||||xx |||||||||||||| ||und||
040 ## - CATALOGING SOURCE
Transcribing agency GE_BSU
080 ## - UNIVERSAL DECIMAL CLASSIFICATION NUMBER
Universal Decimal Classification number 631.8
100 ## - MAIN ENTRY--PERSONAL NAME
Personal name ნაკაიძე,ი.
245 ## - TITLE STATEMENT
Title ადგილობრივი სასუქები.
245 ## - TITLE STATEMENT
Statement of responsibility, etc. რედ:შ.ჭანიშვილი.
260 ## - PUBLICATION, DISTRIBUTION, ETC.
Place of publication, distribution, etc. თბილისი.
260 ## - PUBLICATION, DISTRIBUTION, ETC.
Name of publisher, distributor, etc. სახელგამი.
260 ## - PUBLICATION, DISTRIBUTION, ETC.
Date of publication, distribution, etc. 1955.
300 ## - PHYSICAL DESCRIPTION
Extent 194გვ;20სმ.
300 ## - PHYSICAL DESCRIPTION
Accompanying material ცხრ.
653 ## - INDEX TERM--UNCONTROLLED
Uncontrolled term ადგილობრივი სასუქები.
942 ## - ADDED ENTRY ELEMENTS (KOHA)
Koha item type წიგნი
ეგზემპლარები
Withdrawn status Lost status Damaged status Not for loan Date acquired Barcode Date last seen Price effective from Koha item type
        2018-12-17 20098 2018-12-17 2018-12-17 წიგნი
        2018-12-17 20099 2018-12-17 2018-12-17 წიგნი